நுண்ணறிவுக் களஞ்சியம் : தரம் 4 - 5 /
Saved in:
| Main Author: | |
|---|---|
| Format: | Book |
| Language: | English Tamil |
| Published: |
கொழும்பு :
மாணவன் பதிப்பகம்,
2025.
|
| Subjects: | |
| Tags: |
Add Tag
No Tags, Be the first to tag this record!
|
MARC
| LEADER | 00000nam a22000007a 4500 | ||
|---|---|---|---|
| 005 | 20260411112030.0 | ||
| 008 | 260411b |||||||| |||| 00| 0 eng d | ||
| 020 | |a 9789553990600 | ||
| 041 | |a tam | ||
| 082 | |a 153.9 |b நபீல் | ||
| 100 | |a கே.எல்.எம்.நபீல் |9 117252 | ||
| 245 | |a நுண்ணறிவுக் களஞ்சியம் : |b தரம் 4 - 5 / | ||
| 260 | |a கொழும்பு : |b மாணவன் பதிப்பகம், |c 2025. | ||
| 300 | |a iv + 167 பக் |c 20.9 Cm. | ||
| 650 | |a Intelligence and aptitudes |9 91495 | ||
| 942 | |c BK | ||
| 999 | |c 71291 |d 71291 | ||